Statistiken für Länder mit den meisten gewonnenen Schlachten

Klicken Sie hier um das Quiz zu spielen!

Allgemein

  • Dieses Quiz wurde 7.029 mal gespielt
  • Das Durchschnittsergebnis liegt bei 20 aus 28

Antwortstatistiken

Gewonnene SchlachtenLand / Weltreich% Korrekt
560Deutschland / Preußen / HRR
98%
1115Frankreich
97%
491Russland / Sowjetunion
97%
833Vereinigte Staaten
97%
244China
95%
1105Vereinigtes Königreich
95%
387Spanien
93%
132Italien
90%
183Japan
90%
110Portugal
84%
210Türkei / Osmanisches Reich
84%
93Indien / Moguln
79%
209Österreich
79%
344Polen
79%
165Schweden
75%
102Iran / Persische Reiche
74%
82Kanada
74%
89Griechenland
73%
76Ägypten
68%
114Niederlande
68%
137Australien
65%
79Dänemark
63%
78Korea
63%
92Mongolei
62%
259Rom
45%
107Byzanz
10%
108Islamische Kalifate
4%
128Konföderierte Staaten
3%

Verteilung der Resultate

Perzentil nach korrekt beantworteten Fragen

Anzahl Personen mit jedem Resultat

Ihre Resultats-Entwicklung

Sie haben dieses Quiz noch nicht gespielt